DERECHO CONSULAR MEXICANO (Registro nro. 7379)
[ vista simple ]
| 000 -LEADER | |
|---|---|
| fixed length control field | 00500nam a2200181 a 4500 |
| 001 - CONTROL NUMBER | |
| control field | 7379 |
| 005 - DATE AND TIME OF LATEST TRANSACTION | |
| control field | 20180713191255.0 |
| 008 - FIXED-LENGTH DATA ELEMENTS--GENERAL INFORMATION | |
| fixed length control field | 140415s1982 000 0 spa d |
| 020 ## - INTERNATIONAL STANDARD BOOK NUMBER | |
| International Standard Book Number | 968432779X |
| 041 ## - LANGUAGE CODE | |
| Language code of text/sound track or separate title | spa |
| 082 ## - DEWEY DECIMAL CLASSIFICATION NUMBER | |
| Classification number | 341.3372 |
| Item number | XIL |
| 100 1# - MAIN ENTRY--PERSONAL NAME | |
| Personal name | Xílotl Ramírez, Ramón,. |
| 245 10 - TITLE STATEMENT | |
| Title | DERECHO CONSULAR MEXICANO |
| 260 ## - PUBLICATION, DISTRIBUTION, ETC. | |
| Place of publication, distribution, etc. | [s.l.] : |
| Name of publisher, distributor, etc. | PORRUA, |
| Date of publication, distribution, etc. | 1982 |
| 300 ## - PHYSICAL DESCRIPTION | |
| Extent | 616 |
| 650 14 - SUBJECT ADDED ENTRY--TOPICAL TERM | |
| Topical term or geographic name entry element | DERECHO DIPLOMATICO Y CONSULAR |
| General subdivision | MEXICO |
| 700 1# - ADDED ENTRY--PERSONAL NAME | |
| Personal name | CASSIAN-SANTOS, SALVADOR |
| Relator term | pról. |
| Withdrawn status | Lost status | Source of classification or shelving scheme | Damaged status | Not for loan | Collection code | Home library | Current library | Shelving location | Date acquired | Source of acquisition | Inventory number | Total Checkouts | Full call number | Barcode | Date last seen | Price effective from | Koha item type | Checked out | Date last checked out |
|---|---|---|---|---|---|---|---|---|---|---|---|---|---|---|---|---|---|---|---|
| Dewey Decimal Classification | General | Biblioteca Karol Wojtyla | Biblioteca Karol Wojtyla | Sala general | 03/12/2013 | Compra | 151000000000000000050261 | 341.3372 XIL | 39084 | 05/01/2026 | 03/12/2013 | Libro | |||||||
| Dewey Decimal Classification | General | Biblioteca Karol Wojtyla | Biblioteca Karol Wojtyla | Sala general | 03/12/2013 | Compra | 151000000000000000050260 | 4 | 341.3372 XIL | 35011 | 02/12/2025 | 03/12/2013 | Libro | 16/12/2025 | 02/12/2025 | ||||
| Dewey Decimal Classification | General | Biblioteca Karol Wojtyla | Biblioteca Karol Wojtyla | Sala general | 03/12/2013 | Compra | 151000000000000000050259 | 1 | 341.3372 XIL | 20310 | 05/01/2026 | 03/12/2013 | Libro | 01/06/2023 |